[Event "15th Deltalift Open 2018"]
[Site "Halmstad"]
[Date "2018.05.11"]
[Round "5"]
[White "Svorono, Gabriel"]
[Black "Karlsson, Ulf"]
[Result "1-0"]
[WhiteElo "2113"]
[BlackElo "1959"]
[Annotator "TA"]
[PlyCount "103"]
[EventDate "2018.??.??"]
[EventType "swiss"]
[EventCountry "SWE"]
[SourceTitle "playchess.com"]
[Source "ChessBase"]
[SourceQuality "1"]

{[%evp 16,103,45,35,44,39,41,0,0,7,18,30,22,-11,17,-36,-24,-93,-106,-127,-119,-118,-80,-125,-97,-114,-112,-142,-147,-139,-18,-37,0,-6,-4,-4,0,-4,0,-15,-6,-36,-13,-12,0,-21,0,0,0,0,0,0,0,-29,0,0,18,0,0,0,14,0,89,79,87,107,172,168,280,248,256,247,377,320,358,338,478,490,452,393,1060,1480,12832,12832,12839,12839,12842,12839,12844,12844]} 1. e4 c5 2. Nf3 Nc6 3. d4 cxd4 4. Nxd4 e5 5. Nb5 d6 6. c4 Be7 7. Be3 f5 {B32: Sicilian: Löwenthal and Kalashnikov Variations} 8. exf5 Bxf5 9. Bd3 {LiveBook: 3 Games} Be6 {White is slightly better.} 10. O-O Nf6 11. N1c3 a6 12. Na3 O-O 13. Nd5 Rc8 {[#]} 14. f4 $146 (14. Nb1 {with more complications.} e4 15. Nxf6+ Bxf6 16. Bxe4 Bxb2 17. Bxh7+ Kxh7 18. Qc2+) ({Predecessor:} 14. Rc1 Kh8 15. Nb6 Rb8 16. Be2 Qe8 17. Nb1 Qg6 18. Kh1 e4 19. Nc3 Ne5 {½-½ (29) Sadvakasov,D (2611)-Lautier,J (2676) Moscow 2004}) 14... exf4 15. Bxf4 (15. Nxf4 $11 Bd7 16. Qb3) 15... Ne5 $36 {[%mdl 2048] Black has good play.} 16. Bxe5 (16. Nxe7+ $11 Qxe7 17. Be2) 16... dxe5 $17 17. Nxe7+ Qxe7 18. Qe2 Qc5+ 19. Kh1 Bg4 20. Qc2 Qd4 21. Be2 Bxe2 22. Qxe2 Rfd8 ({Black should try} 22... Ng4 $17 {And now ...Nf2+ would win.} 23. Nc2 Rxf1+ 24. Rxf1 Qxc4 25. Qxc4+ Rxc4) 23. Rad1 Qe4 24. Qxe4 Nxe4 25. Kg1 Nf6 26. b3 Kf7 27. Nc2 Ke6 28. Kf2 Ng4+ 29. Kg3 Nf6 {[#] Threatens to win with ...Ne4+.} 30. Kf3 Rf8 31. Ke2 Ne4 {aiming for ...Nc3+.} 32. Ke3 Rxf1 (32... Nc3 {looks sharper.} 33. Ra1 Rxf1 34. Rxf1 b5 35. Kd3 Nxa2 36. Ra1 Rd8+) 33. Rxf1 $11 {[%mdl 4096] Endgame KRN-KRN} Nf6 34. Rd1 Rf8 {...Ng4+ is the strong threat.} 35. h3 Nh5 36. Nb4 Nf4 37. Rd2 a5 38. Nd5 (38. Nc2 {seems wilder.} a4 39. Na3 axb3 40. axb3 Rf7 41. Ke4) 38... Rf7 (38... Rd8 $11 {remains equal.}) 39. Nxf4+ $16 exf4+ {KR-KR} 40. Ke4 b6 {[#]} (40... Rf6 $16) 41. Rd5 $1 $18 a4 (41... f3 $142 42. gxf3 Rb7) 42. Rb5 (42. bxa4 Ra7 $16) 42... Rd7 43. Rxb6+ Kf7 (43... Ke7 $142 44. bxa4 (44. Kxf4 Rd2 $18) 44... Ra7) 44. Ra6 axb3 45. axb3 {[%cal Ba2b3,Bb3b4][%mdl 32]} Rd2 (45... Rb7 {keeps fighting.} 46. Ra3 (46. Kxf4 Rxb3 47. Kf5 Rg3 $16) 46... g5) 46. Kxf4 Rxg2 47. b4 g5+ $2 (47... Rc2 48. Rc6 Ke7) 48. Kf5 {White is clearly winning.} Rc2 49. Ra7+ Kg8 50. c5 {[%cal Bc4c5,Bc5c6][%mdl 32]} Rb2 51. Rb7 Rb3 52. c6 {Precision: White = 63%, Black = 42%.} 1-0

[Event "15th Deltalift Open 2018"]
[Site "Halmstad"]
[Date "2018.05.11"]
[Round "5"]
[White "Neretljak, Nedzad"]
[Black "Lokander, Martin"]
[Result "1/2-1/2"]
[WhiteElo "2099"]
[BlackElo "2386"]
[Annotator "TA"]
[PlyCount "130"]
[EventDate "2018.??.??"]
[EventType "swiss"]
[EventCountry "SWE"]
[SourceTitle "playchess.com"]
[Source "ChessBase"]
[SourceQuality "1"]

{[%evp 16,130,16,17,25,27,27,27,25,22,25,20,25,21,41,25,88,95,121,79,100,87,89,73,166,33,33,33,41,33,46,46,40,42,46,46,54,35,106,24,29,24,24,16,16,8,16,0,24,24,24,8,8,8,8,8,23,8,8,8,8,8,8,8,8,8,44,8,8,0,42,8,8,0,0,0,0,0,0,0,58,0,0,0,0,0,0,0,0,0,0,0,0,0,0,0,0,0,0,0,0,0,0,0,28,0,0,0,0,0,0,0,0,0,0,0,0]} 1. e4 e5 2. Nf3 Nc6 3. Bc4 Nf6 4. d3 Be7 5. c3 d5 6. exd5 Nxd5 7. h3 O-O 8. O-O Bf5 {C55: Two Knights: 4 d3, 4 d4 exd4 5 e5 and Max Lange Attack} (8... a6 9. Re1 Nb6 10. Bb3 Qd6 11. Qe2 Qg6 12. Nxe5 Nxe5 13. Qxe5 Bd6 14. Qg5 Qxd3 15. Nd2 Bf5 16. Nf3 {½-½ (66) Moiseenko,V (2543)-Predke,A (2601) Sochi 2017}) 9. Re1 {LiveBook: 5 Games} Qd6 10. Nbd2 Nf4 $146 {Strongly threatening ...Qg6.White has an edge.} ({Predecessor:} 10... Rad8 11. Ne4 Qg6 12. Ng3 Bf6 13. Nxf5 Qxf5 14. Qe2 a6 {½-½ (14) David,P (2445)-Stocek,J (2480) Olomouc 1995}) 11. Ne4 Qg6 {[%csl Gf4][%cal Rg6g2]} 12. Bxf4 exf4 13. Kh1 Rad8 14. b4 Qh6 15. d4 Bxe4 (15... g5 $11) 16. Rxe4 $16 Bd6 17. Qb3 Ne7 18. Rae1 Ng6 19. Kg1 Nh4 {[#]} (19... Qh5 $16 {might work better.}) 20. Qd1 ({White must play} 20. Bxf7+ $1 $18 Kh8 21. Nxh4 Qxh4 22. Bc4) 20... Nxf3+ $14 21. Qxf3 c6 22. a4 {[%cal Ba2a4,Ba4a5][%mdl 32]} a6 23. a5 Qg5 24. Kf1 Qf5 25. Qg4 Qf6 26. R1e2 g6 {[#]} (26... Kh8 $14) 27. Qf3 (27. Re6 $1 $16 {[%cal Re6f6]} Qg7 28. R6e4) 27... Kg7 28. Re1 h5 29. Bd3 Rd7 30. Qd1 Rfd8 31. Qf3 Re7 32. Rxe7 Bxe7 33. Re4 Bd6 34. Qe2 Rd7 35. f3 Re7 (35... Qd8 {is interesting.} 36. Bc4 Qf6 37. Bb3 Qh4 38. Qd2 Qg3) 36. Rxe7 (36. Ke1 {is more complex.} Rd7 37. Kd2 Qg5 38. Bc4 Qf6 39. Kc2) 36... Bxe7 37. Ke1 Qd6 38. Kd2 Bf6 39. Kc2 Kf8 40. Bc4 Bg7 41. Qe4 Bf6 42. Qe2 Bg7 43. Kb3 Bf6 44. Bxa6 bxa6 45. Qxa6 Kg7 46. Qc4 Bd8 47. Qc5 Qe6+ (47... Qd7 $11) 48. Ka3 (48. c4 $1 $14) 48... Kh7 $11 49. a6 Be7 50. Qe5 {Threatens to win with Qxe6.} Qc4 51. Qxe7 {And now Kb2 would win.} Qxc3+ {[%mdl 4096] Endgame KQ-KQ} 52. Ka2 Qc2+ 53. Ka3 Qc3+ 54. Ka2 Qc2+ 55. Ka3 Qd3+ 56. Kb2 Qxd4+ 57. Kc2 Qc4+ 58. Kd2 {Black must now prevent a7.} Qd4+ 59. Ke2 Qb2+ 60. Kf1 (60. Kd3 $5 {[%cal Re7f7]} Qa3+ 61. Kd4 Qxa6 62. Qxf7+ Kh6 63. Qxf4+ Kg7 64. Qe4 $16) 60... Qa1+ {The position is equal.} 61. Kf2 Qd4+ $1 62. Kf1 Qa1+ 63. Kf2 Qd4+ $1 64. Kf1 Qa1+ 65. Kf2 Qd4+ $1 {Precision: White = 37%, Black = 63%.} 1/2-1/2

[Event "15th Deltalift Open 2018"]
[Site "Halmstad"]
[Date "2018.05.11"]
[Round "5"]
[White "Lyngsjo, Hakan"]
[Black "Hobber, Anders"]
[Result "0-1"]
[WhiteElo "2067"]
[BlackElo "2320"]
[Annotator "TA"]
[PlyCount "60"]
[EventDate "2018.??.??"]
[EventType "swiss"]
[EventCountry "SWE"]
[SourceTitle "playchess.com"]
[Source "ChessBase"]
[SourceQuality "1"]

{[%evp 18,60,-6,-3,45,31,42,-36,-48,-53,-43,-262,-258,-256,-270,-270,-253,-266,-248,-251,-262,-269,-270,-257,-268,-252,-259,-258,-253,-252,-260,-387,-395,-465,-463,-645,-646,-620,-638,-620,-620,-713,-699,-1184,-993]} 1. e4 e6 2. d3 d5 3. Qe2 Nf6 4. Nf3 c5 5. g3 Nc6 6. Bg2 Be7 7. O-O O-O 8. e5 Nd7 9. c4 d4 10. h4 {LiveBook: 52 Games} f6 {C00: French: Unusual White 2nd moves} (10... b6 11. Ng5 Bb7 12. Bf4 Qc7 13. Nd2 Bxg5 14. hxg5 Ne7 15. Ne4 Ng6 16. Nd6 Bxg2 17. Kxg2 f6 18. gxf6 gxf6 {½-½ (68) Jones,G (2650)-Pantsulaia,L (2612) Almaty 2016}) 11. exf6 Nxf6 12. Bh3 (12. Bf4 $14) 12... e5 $146 {Black is slightly better.} ({Predecessor:} 12... Qd6 13. Re1 Nd8 14. Bf1 Qd7 15. Ng5 Qc6 16. Na3 b6 17. Bg2 Qe8 18. Bxa8 {1-0 (44) Kovacevic,B (1882)-Djordjevic,L Belgrade 2009}) 13. Bxc8 Qxc8 14. Nxe5 $2 (14. Bg5 $15) 14... Nxe5 $19 15. Qxe5 {[#]} Qh3 $1 16. Bg5 {Black should prevent Bxf6.} ({Wrong is} 16. Qxe7 $2 Ng4 $19) 16... Ng4 $40 {[%csl Gg4][%cal Rh3h2][%mdl 128] Black attacks with force.} 17. Qd5+ Rf7 {[%csl Gg4][%cal Rh3h2]} 18. Qg2 Qxg2+ 19. Kxg2 Bxg5 20. hxg5 Re8 ({Resist} 20... Raf8 21. Nd2 $19) 21. Nd2 Re2 $1 {[%csl LRd2,LRf2]} 22. Ne4 Ne3+ $1 ({And not} 22... Rxb2 23. Rfb1 $15) 23. Kg1 Nxf1 24. Rxf1 (24. Kxf1 $142 Rxb2 25. a4) 24... Rxb2 25. Nxc5 Rxa2 {KRR-KRN. Black is clearly winning.} 26. Ne6 a5 {[%cal Ba7a5,Ba5a4,Ba4a3][%mdl 32]} 27. Nxd4 a4 28. Nb5 a3 29. d4 Rf3 30. Kg2 {[#]} Rfxf2+ $1 {[%mdl 512] Precision: White = 35%, Black = 88%.} 0-1

[Event "15th Deltalift Open 2018"]
[Site "Halmstad"]
[Date "2018.05.11"]
[Round "5"]
[White "Petersson, Baldur Teodor"]
[Black "Crevatin, Leo"]
[Result "1/2-1/2"]
[WhiteElo "2038"]
[BlackElo "2251"]
[Annotator "TA"]
[PlyCount "48"]
[EventDate "2018.??.??"]
[EventType "swiss"]
[EventCountry "SWE"]
[SourceTitle "playchess.com"]
[Source "ChessBase"]
[SourceQuality "1"]

{[%evp 12,48,-20,-18,16,-9,-12,-20,-12,-15,-12,-106,-110,-104,-101,-105,-107,-94,-88,-93,-84,-164,-85,-200,-135,-132,-123,-127,-57,-50,-58,-48,-59,-59,-43,-62,-10,-61,-52]} 1. e4 c5 2. Nf3 Nc6 3. d3 d5 4. Nbd2 Nf6 5. g3 Bg4 6. h3 {B29: Sicilian: 2 Nf3 Nf6 (Nimzowitsch Variation)} (6. Bg2 e6 7. O-O Be7 8. h3 Bh5 9. g4 Bg6 10. Nh4 dxe4 11. dxe4 Bxe4 12. Bxe4 Nxe4 13. Nxe4 Bxh4 14. Nd6+ Kf8 15. Bf4 {0-1 (32) Kristiansen,J (2425)-Malakhatko,V (2594) Copenhagen 2006}) 6... Bh5 7. Bg2 {LiveBook: 6 Games} h6 8. c3 {The position is equal.} e6 9. O-O Be7 10. Re1 O-O 11. e5 $146 (11. exd5 $11 {remains equal.} exd5 12. Nf1) ({Predecessor:} 11. Qb3 Qc7 12. Nh2 Rad8 13. f4 Bg6 14. Qc2 b5 15. b3 c4 16. d4 cxb3 17. Qxb3 {0-1 (51) Lauterbach,I (2171)-Calzetta Ruiz,M (2158) Saint Vincent 1999}) 11... Nd7 $17 12. g4 Bg6 13. Nf1 d4 14. cxd4 cxd4 {Hoping for ...Nc5.} 15. Ng3 Nb4 16. Nxd4 (16. Ne4 $17) 16... Nc5 (16... Nxd3 $19 17. Bxb7 N7xe5 18. Rxe5 Nxe5 19. Bxa8 Qxa8) 17. Nb3 (17. Be3 $17) 17... Nbxd3 18. Re2 Nxc1 19. Rxc1 {[#]} Qb6 ({Black should play} 19... Nd3 $1 $17 {[%cal Rd3c1]} 20. Rd2 Bb4) 20. Nxc5 $15 Bxc5 21. Qb3 Qxb3 22. axb3 Rac8 {And now ...Bxf2+! would win.} 23. Rd1 Rc7 ({Better is} 23... Rfd8 $15 24. Rxd8+ Rxd8) 24. Ne4 (24. Be4 $11) 24... Bxe4 {Precision: White = 37%, Black = 58%.} 1/2-1/2

[Event "15th Deltalift Open 2018"]
[Site "Halmstad"]
[Date "2018.05.11"]
[Round "5"]
[White "Bit-Narva, David"]
[Black "Fransson, Patrick"]
[Result "0-1"]
[WhiteElo "1961"]
[BlackElo "2129"]
[Annotator "TA"]
[PlyCount "73"]
[EventDate "2018.??.??"]
[EventType "swiss"]
[EventCountry "SWE"]
[SourceTitle "playchess.com"]
[Source "ChessBase"]
[SourceQuality "1"]

{[%evp 9,73,31,73,42,80,41,45,45,54,50,54,40,50,40,43,41,46,58,65,66,151,143,144,143,148,125,128,110,116,92,125,59,68,62,75,58,98,103,108,125,97,125,107,106,103,104,220,81,97,17,31,8,124,38,61,12,58,41,122,-208,-200,-323,-343,-320,-313,-5306]} 1. e4 e6 2. Nf3 b6 3. d4 Bb7 4. Bd3 d5 5. e5 Nd7 (5... c5 6. c3 Ne7 7. O-O Qd7 8. Qe2 Nec6 9. Rd1 a5 10. a4 Ba6 11. Na3 Bxd3 12. Qxd3 cxd4 13. cxd4 Nb4 {0-1 (54) Caruana,F (2787)-Nakamura,H (2793) Saint Louis 2015}) 6. c3 {B00: Queen's Fianchetto Defence, Nimzowitsch Defence} c5 7. O-O h6 $146 ({Predecessor:} 7... Ne7 8. Re1 Nc6 9. a3 h6 10. b4 c4 11. Be2 g5 12. Nfd2 Ne7 13. Bg4 Ng6 {0-1 (40) Rosandic,D (2280)-Mihalinec,D (2178) Zagreb 2002}) 8. Ne1 {White is slightly better.} Qc7 9. f4 g6 10. Nf3 Ne7 11. Na3 {[%cal Bb1a3,Ba3c2,Bc2e3][%mdl 32]} a6 12. Nc2 c4 13. Be2 Bg7 14. Ne3 O-O-O (14... Rc8 $14) 15. b3 $16 Nf5 16. bxc4 Nxe3 17. Bxe3 dxc4 18. a4 Bd5 19. Nd2 f5 20. exf6 ({Better is} 20. Bf3 $16) 20... Bxf6 21. Qb1 Kb7 22. Bf3 g5 23. f5 {Threatens to win with fxe6.} Rhe8 24. fxe6 Bxf3 25. Rxf3 Rxe6 26. Qf5 Rde8 27. Bf2 $1 g4 (27... Bd8 $16 {is a better defense.}) 28. Qxg4 (28. Rf4 $1 $18 {and the rest is easy.}) 28... Bg5 29. Bg3 (29. Nf1 $16) 29... Qc6 $11 30. Bf4 Rg6 {[#]} (30... Nf6 $1 $11 31. Qf5 Bxf4 32. Qxf4 (32. Rxf4 Nd5 $11) 32... Nd5) 31. Rg3 (31. Bxg5 $1 $16 {Hoping for Rf7.} Rxg5 32. Qh3) 31... Nf6 $14 {[%cal Bd7f6,Bf6d5,Bd5f4][%mdl 32]} 32. Qf5 Nd5 {...Rf6 is the strong threat.} 33. Bxg5 hxg5 {[#]} (33... Rxg5 $14 34. Rxg5 hxg5) 34. Nxc4 $2 {[%mdl 8192]} (34. Rf1 $1 $16 {and life is bright.}) 34... Rf6 $19 35. Qd3 (35. Na5+ {might work better.} bxa5 36. Qxg5) 35... Nf4 36. Qh7+ Ka8 {aiming for ...Ne2+.} 37. d5 $2 {Precision: White = 40%, Black = 54%.} (37. Rxg5 Qxc4 38. Re5) 0-1

[Event "15th Deltalift Open 2018"]
[Site "Halmstad"]
[Date "2018.05.11"]
[Round "5"]
[White "Sjodahl, Sten"]
[Black "Brzezinski, Adam"]
[Result "0-1"]
[WhiteElo "1877"]
[BlackElo "2152"]
[Annotator "TA"]
[PlyCount "50"]
[EventDate "2018.??.??"]
[EventType "swiss"]
[EventCountry "SWE"]
[SourceTitle "playchess.com"]
[Source "ChessBase"]
[SourceQuality "1"]

{[%evp 13,50,0,9,-16,0,-8,-14,-12,-7,-2,-12,-55,-51,-53,-54,-43,-40,-40,-39,-48,-31,-100,-72,-162,-168,-182,-135,-118,-114,-175,-174,-267,-303,-300,-292,-1403,-1380,-1915,-1825]} 1. e4 g6 2. Bc4 Bg7 3. Nc3 c5 4. Nf3 Nc6 5. O-O a6 6. a3 e6 7. d3 Nge7 8. h3 {B30: Sicilian: 2...Nc6 3 Bb5, lines without ...g6} (8. Re1 d6 9. Bg5 h6 10. Bxe7 Qxe7 11. Nd2 g5 12. Rb1 h5 13. Ba2 Ne5 14. Nc4 g4 15. Nxe5 Bxe5 {0-1 (28) Gratze,M (2006)-Kislinsky,A (2565) Teplice 2013}) 8... O-O 9. Ba2 b5 10. Ne2 {The position is equal.} d5 11. exd5 $146 ({Predecessor:} 11. c3 Bb7 12. exd5 Nxd5 13. Ng3 Qc7 14. Ne4 h6 15. Nxc5 Rad8 16. Nxb7 Qxb7 {1-0 (25) Gamboa,J (1778)-Parra,D (1922) Ibague 2013}) 11... Nxd5 12. d4 cxd4 13. Nexd4 Nxd4 14. Nxd4 Bb7 {[%cal Bc8b7,Bb7d5,Bd5c4][%mdl 32]} 15. c3 Qc7 16. Qg4 Rfe8 (16... h6 {looks sharper.} 17. Re1 Rad8 18. Qg3 e5 19. Nf3 Rfe8) 17. Bxd5 (17. Re1 $15) 17... Bxd5 $17 18. Ne2 (18. f4 $17) 18... e5 $19 19. Qg3 Bc4 20. Re1 Rad8 $36 {[%mdl 2048] Black is in control.} 21. f3 (21. Be3 $17) 21... f5 22. f4 (22. Bg5 {is a better defense.}) 22... Bxe2 23. Rxe2 Rd1+ 24. Re1 $2 {[#]} (24. Kh2) 24... exf4 25. Bxf4 Rexe1+ {Precision: White = 30%, Black = 76%.} 0-1

[Event "15th Deltalift Open 2018"]
[Site "Halmstad"]
[Date "2018.05.11"]
[Round "6"]
[White "Hillarp Persson, Tiger"]
[Black "Kucuksari, Kaan"]
[Result "1-0"]
[WhiteElo "2531"]
[BlackElo "2264"]
[Annotator "TA"]
[PlyCount "83"]
[EventDate "2018.??.??"]
[EventType "swiss"]
[EventCountry "SWE"]
[SourceTitle "playchess.com"]
[Source "ChessBase"]
[SourceQuality "1"]

{[%evp 23,83,-12,0,-7,-6,-46,-40,-44,-25,-39,-47,-34,-18,-34,58,48,45,0,0,0,0,0,72,65,147,65,69,69,125,136,142,144,135,110,131,125,281,282,314,180,214,168,166,163,155,152,185,194,614,599,1277,1228,1709,1720,1656,1647,29993,1228,29993,29987,29987,29988]} 1. g3 Nf6 2. Bg2 e6 3. Nf3 b6 4. O-O Bb7 5. d3 d5 6. Nbd2 {[%cal Bb1d2,Bd2f1,Bf1h2,Bh2g4][%mdl 32]} Be7 7. e4 O-O 8. e5 Nfd7 9. Re1 c5 10. Nf1 Nc6 11. h4 Qc7 12. Bf4 b5 {LiveBook: 3 Games. C00: French: Unusual White 2nd moves} (12... Rae8 13. c3 Qb8 14. d4 Bd8 15. N1h2 Bc7 16. Bd2 b5 17. Ng4 a5 18. h5 a4 19. Qb1 cxd4 20. cxd4 f5 {1-0 (53) Kozul,Z (2613)-Lobanov,S (2429) Tallinn 2016}) 13. h5 h6 14. N1h2 Rfc8 {Black is slightly better.} 15. Ng4 Bf8 $146 ({Predecessor:} 15... c4 16. d4 c3 17. bxc3 Na5 18. Bxh6 gxh6 19. Qd2 Qd8 20. Nxh6+ {0-1 (37) Tarasov,V (1951)-Popov,K (2036) Anapa 2012}) 16. Qd2 Qd8 17. c4 bxc4 18. dxc4 Nb6 (18... Ne7 $15) 19. Bxh6 $1 $14 {Hoping for Bg5.} dxc4 20. Rad1 {Qc1 is the strong threat.} (20. Bg5 $5 {[%cal Rg5d8]} Qxd2 21. Nxd2 $11) 20... Qxd2 ({Don't blunder} 20... gxh6 $2 21. Nf6+ Qxf6 22. exf6 $18) 21. Bxd2 Nd4 22. Ng5 Bxg2 (22... Rab8 $11) 23. Kxg2 $16 Na4 (23... Nf5 $14) 24. Bc3 ({White should play} 24. h6 $1 $16) 24... Rab8 $14 25. Rd2 Rd8 ({Better is} 25... Nc6 $14) 26. Ne3 $16 Nb5 27. Rxd8 ({Resist} 27. Nxc4 $6 Nbxc3 28. Rxd8 Rxd8 $14) 27... Rxd8 28. Ne4 ({Don't do} 28. Nxc4 Nbxc3 29. bxc3 Nxc3 $14) 28... Rd3 {[%cal Rb5c3]} 29. Nxc4 Nbxc3 $2 (29... Nb6 $16 {is a better defense.}) 30. bxc3 $18 Be7 31. g4 (31. Rb1 $142) 31... Kh7 32. f3 {[%cal Bf2f3,Bf3f4,Bf4f5,Bf5f6][%mdl 32]} g6 33. hxg6+ $1 Kxg6 {[#]} 34. f4 $1 Bh4 {[#]} 35. Re3 $1 {[%cal Re3d3]} Rd1 $2 (35... Rxe3 36. Nxe3 Be1 37. f5+ Kh6) 36. Ncd6 Be1 37. f5+ Kg7 38. f6+ Kg8 39. Rh3 {Intending Nc8 and mate.} Rd5 40. Ng5 (40. Nc8 $142 Bh4 41. Rxh4 Rd7 42. Ne7+ Rxe7 43. fxe7 f5 44. e8=Q+ Kg7 45. Qe7+ Kg8 46. Nf6#) 40... Nxc3 41. Ngxf7 {[%csl Gf7][%cal Rh3h8]} Rd2+ 42. Kh1 {Precision: White = 54%, Black = 23%.} 1-0

[Event "15th Deltalift Open 2018"]
[Site "Halmstad"]
[Date "2018.05.11"]
[Round "6"]
[White "Tikkanen, Hans"]
[Black "Westerberg, Jonathan"]
[Result "1/2-1/2"]
[WhiteElo "2492"]
[BlackElo "2523"]
[Annotator "TA"]
[PlyCount "25"]
[EventDate "2018.??.??"]
[EventType "swiss"]
[EventCountry "SWE"]
[SourceTitle "playchess.com"]
[Source "ChessBase"]
[SourceQuality "1"]

{[%evp 10,25,14,10,29,8,18,7,44,33,36,41,62,66,69,65,62,62]} 1. d4 d5 2. Nf3 Nf6 3. e3 e6 4. Bd3 Nbd7 5. Nbd2 c5 6. b3 {LiveBook: 8 Games. D05: Colle System with ...e6} (6. c3 g6 7. Ne5 Bg7 8. f4 b6 9. O-O Bb7 10. b3 O-O 11. Qf3 Rc8 12. Bb2 Rc7 13. Rac1 Ne8 14. Qh3 {0-1 (28) Comas Fabrego,L (2514)-Illescas Cordoba,M (2601) La Massana 2012}) 6... g6 7. Bb2 Bg7 8. Ne5 {The position is equal.} Nxe5 $146 (8... b6 {with more complications.} 9. f4 O-O 10. O-O Bb7 11. Qe2 Ne4) ({Predecessor:} 8... O-O 9. f4 Qc7 10. O-O a6 11. a4 b6 {½-½ (42) Kargaci,H (1588)-Kaymaz,L (1687) Kocaeli 2014}) 9. dxe5 {White is slightly better.} Nd7 10. f4 Qh4+ 11. g3 Qe7 12. e4 b6 13. h4 1/2-1/2

[Event "15th Deltalift Open 2018"]
[Site "Halmstad"]
[Date "2018.05.11"]
[Round "6"]
[White "Jepson, Christian"]
[Black "Linusson, Pelle"]
[Result "1/2-1/2"]
[WhiteElo "2415"]
[BlackElo "2211"]
[Annotator "TA"]
[PlyCount "51"]
[EventDate "2018.??.??"]
[EventType "swiss"]
[EventCountry "SWE"]
[SourceTitle "playchess.com"]
[Source "ChessBase"]
[SourceQuality "1"]

{[%evp 17,51,20,27,16,6,6,18,-13,-13,-13,-6,-6,-6,-6,0,0,0,-10,-11,-23,-23,-29,-10,-12,-10,-18,-13,-13,-13,-13,-15,-17,-12,-21,-12,-16]} 1. Nf3 g6 2. c4 Bg7 3. e4 e5 4. d4 exd4 5. Nxd4 Nf6 6. Nc3 O-O {A10: English Opening: Unusual Replies for Black} 7. Bd3 (7. Be2 Re8 8. f3 c6 9. Bg5 Qb6 10. Qd2 d5 11. cxd5 Nxe4 12. Nxe4 cxd5 13. Be3 dxe4 14. Nb5 Qf6 15. Nc7 Rd8 16. Bg5 Rxd2 17. Bxf6 {½-½ (72) Lenderman,A (2618)-So,W (2773) Saint Louis 2016}) 7... c6 8. O-O d5 9. exd5 cxd5 {LiveBook: 4 Games} 10. Bg5 Nc6 $146 ({Predecessor:} 10... dxc4 11. Bxc4 h6 12. Bh4 a6 13. Bb3 Nbd7 14. Qc2 {1-0 (37) Uhlmann,W (2482)-Jansa,V (2458) Linz 2000}) 11. Nxc6 bxc6 12. Qf3 h6 13. Bxf6 Qxf6 14. Qxf6 Bxf6 15. cxd5 Bxc3 16. bxc3 cxd5 17. Rfe1 Kg7 18. Rab1 Be6 19. Ba6 Rab8 20. a4 {The position is equal.} Rfd8 21. a5 Rxb1 22. Rxb1 d4 23. cxd4 $1 Rxd4 24. Ra1 Bc4 25. Bb7 a6 26. f3 {Precision: White = 39%, Black = 47%.} 1/2-1/2